[Event "Runavik Open 2018"]
[Site "Runavik"]
[Date "2018.11.18"]
[Round "9"]
[White "Olsen, Kaj"]
[Black "Tummasarson, Flovin M."]
[Result "0-1"]
[WhiteElo "1718"]
[BlackElo "1378"]
[Annotator "NA RC"]
[PlyCount "86"]
[EventDate "2018.11.12"]
[EventType "swiss"]
[EventCountry "FAI"]
[SourceTitle "playchess.com"]
[Source "ChessBase"]
[SourceQuality "1"]
[TimeControl "40/5400+30:900+30"]

1. e4 {[%emt 0:00:00]} e5 {[%emt 0:00:00]} 2. Nf3 {[%emt 0:00:00]} Nc6 {[%emt 0:00:00]} 3. Bb5 {[%emt 0:00:52]} Bc5 {[%emt 0:00:00]} 4. O-O {[%emt 0:01:43]} Nd4 {[%emt 0:00:44]} 5. Bc4 {[%emt 0:01:45]} Nxf3+ {[%emt 0:00:48]} 6. Qxf3 {[%emt 0:00:13]} Nf6 {[%emt 0:00:09]} 7. d3 {[%emt 0:02:42]} O-O {[%emt 0:01:19]} 8. Bg5 {[%emt 0:00:44]} Be7 {[%emt 0:00:49]} 9. Nc3 {[%emt 0:09:39]} d6 {[%emt 0:02:43]} 10. Qg3 {[%emt 0:07:25]} Nh5 {[%emt 0:03:20]} 11. Qf3 {[%emt 0:01:02]} Bxg5 {[%emt 0:07:09]} 12. Qxh5 {[%emt 0:00:11]} Be6 {[%emt 0:01:22]} 13. Bxe6 {[%emt 0:04:37]} fxe6 {[%emt 0:00:52]} 14. Qg4 {[%emt 0:00:49]} Qe7 {[%emt 0:01:31]} 15. Ne2 {[%emt 0:01:38]} Rf7 {[%emt 0:02:26]} 16. g3 {[%emt 0:04:06]} Raf8 {[%emt 0:03:16]} 17. d4 {[%emt 0:05:38]} exd4 {[%emt 0:01:20]} 18. Nxd4 {[%emt 0:00:15]} Bf6 {[%emt 0:02:02]} 19. c3 {[%emt 0:00:52]} Bxd4 {[%emt 0:00:51]} 20. cxd4 {[%emt 0:00:20]} e5 {[%emt 0:04:00]} 21. d5 {[%emt 0:00:35]} Rf6 {[%emt 0:02:34]} 22. Rac1 {[%emt 0:01:38]} Qf7 {[%emt 0:06:35]} 23. Rc2 {[%emt 0:00:37]} h6 {[%emt 0:03:29]} 24. Qe2 {[%emt 0:09:48]} Rc8 {[%emt 0:01:31]} 25. Rfc1 {[%emt 0:00:45]} Qd7 {[%emt 0:02:03]} 26. Qc4 {[%emt 0:03:51]} Kh8 {[%emt 0:03:06]} 27. Qb4 {[%emt 0:00:40]} c6 {[%emt 0:01:52]} 28. dxc6 {[%emt 0:00:49]} bxc6 {[%emt 0:01:00]} 29. Qa4 {[%emt 0:00:37]} Qb7 {[%emt 0:01:15]} 30. b4 {[%emt 0:06:06]} Rb8 {[%emt 0:11:26]} 31. Rxc6 {[%emt 0:07:15]} Qxb4 {[%emt 0:03:26]} 32. Qxa7 {[%emt 0:02:27]} Rb7 {[%emt 0:04:12]} 33. Qe3 {[%emt 0:01:20]} Rbf7 {[%emt 0:01:23]} 34. R6c2 {[%emt 0:00:47]} Rf3 {[%emt 0:03:29]} 35. Qe1 {[%emt 0:01:49]} Qa4 {[%emt 0:03:49]} 36. Re2 {[%emt 0:03:20]} Ra3 {[%emt 0:05:21]} 37. Rcc2 {[%emt 0:01:58]} Ra7 {[%emt 0:02:58]} 38. Qd2 {[%emt 0:00:13]} Qd7 {[%emt 0:01:38]} 39. Re3 {[%emt 0:00:55]} R3a4 {[%emt 0:00:54]} 40. Rd3 {[%emt 0:00:00]} Qf7 {[%emt 0:00:00]} 41. Rxd6 {[%emt 0:09:00]} Rxa2 {[%emt 0:02:45]} 42. Rxa2 {[%emt 0:00:07]} Rxa2 {[%emt 0:00:07]} 43. Qd5 {[%emt 0:00:09]} Qxf2+ {[%emt 0:01:21]} 0-1

[Event "Runavik Open 2018"]
[Site "Runavik"]
[Date "2018.11.18"]
[Round "9"]
[White "Jacobsen, Markus"]
[Black "Nielsen, Suni I Horni"]
[Result "1/2-1/2"]
[WhiteElo "1076"]
[BlackElo "1563"]
[Annotator "NA"]
[PlyCount "66"]
[EventDate "2018.11.12"]
[EventType "swiss"]
[EventCountry "FAI"]
[SourceTitle "playchess.com"]
[Source "ChessBase"]
[SourceQuality "1"]
[TimeControl "40/5400+30:900+30"]

1. e4 {[%emt 0:00:00]} e5 {[%emt 0:00:00]} 2. Nf3 {[%emt 0:00:00]} Nc6 {[%emt 0:00:04]} 3. Bc4 {[%emt 0:00:26]} Nf6 {[%emt 0:01:42]} 4. Ng5 {[%emt 0:00:46]} d5 {[%emt 0:00:44]} 5. exd5 {[%emt 0:00:28]} Nxd5 {[%emt 0:00:56]} 6. d3 {[%emt 0:01:45]} Be7 {[%emt 0:01:34]} 7. Nxf7 {[%emt 0:04:11]} Kxf7 {[%emt 0:01:30]} 8. Qf3+ {[%emt 0:00:13]} Bf6 {[%emt 0:00:08]} 9. Bxd5+ {[%emt 0:00:25]} Be6 {[%emt 0:00:50]} 10. Bxc6 {[%emt 0:01:03]} bxc6 {[%emt 0:00:04]} 11. Qxc6 {[%emt 0:00:43]} Bd5 {[%emt 0:00:06]} 12. Qa4 {[%emt 0:01:02]} Bxg2 {[%emt 0:00:13]} 13. Rg1 {[%emt 0:00:21]} Bb7 {[%emt 0:00:48]} 14. Nc3 {[%emt 0:00:37]} Bd5 {[%emt 0:01:34]} 15. Nxd5 {[%emt 0:02:13]} Qxd5 {[%emt 0:00:09]} 16. Bg5 {[%emt 0:01:03]} e4 {[%emt 0:04:34]} 17. Qc4 {[%emt 0:02:04]} Qxc4 {[%emt 0:00:16]} 18. dxc4 {[%emt 0:00:11]} Bxb2 {[%emt 0:00:23]} 19. Rd1 {[%emt 0:00:56]} c5 {[%emt 0:03:09]} 20. Rd7+ {[%emt 0:00:39]} Ke6 {[%emt 0:00:49]} 21. Re7+ {[%emt 0:01:02]} Kf5 {[%emt 0:00:35]} 22. Be3 {[%emt 0:01:06]} Rhc8 {[%emt 0:01:19]} 23. Rg5+ {[%emt 0:01:50]} Kf6 {[%emt 0:00:07]} 24. Rexg7 {[%emt 0:01:06]} Rab8 {[%emt 0:02:15]} 25. Rxh7 {[%emt 0:01:38]} Bc3+ {[%emt 0:00:38]} 26. Ke2 {[%emt 0:01:53]} Rb1 {[%emt 0:00:14]} 27. Rh6+ {[%emt 0:01:01]} Kf7 {[%emt 0:00:41]} 28. Bd2 {[%emt 0:00:25]} Bxd2 {[%emt 0:02:29]} 29. Kxd2 {[%emt 0:00:17]} Ra1 {[%emt 0:02:44]} 30. Ra6 {[%emt 0:01:31]} Rc7 {[%emt 0:00:26]} 31. Rh5 {[%emt 0:00:42]} Kg7 {[%emt 0:00:12]} 32. Rg5+ {[%emt 0:00:41]} Kh7 {[%emt 0:02:22]} 33. Rh5+ {[%emt 0:00:16]} Kg7 {[%emt 0:00:06]} 1/2-1/2